High (All Lyrics) - 5 Seconds of Summer - Statistics

General Stats
  • This quiz has been taken 11 times
  • The average score is 228 of 266
Answer Stats
Answer % Correct
a
100%
else
100%
high
100%
highly
100%
hope
100%
I
100%
me
100%
of
100%
someone
100%
think
100%
When
100%
with
100%
you
100%
your
100%
you're
100%
But
86%
down,
86%
down
86%
know
86%
letting
86%
my
86%
need
86%
stop
86%
that
86%
the
86%
to
86%
all
71%
And
71%
called
71%
changing
71%
don't
71%
expectations
71%
for
71%
friends
71%
have
71%
I'm
71%
in
71%
is
71%
lie
71%
like
71%
meet
71%
see
71%
tell
71%
themselves
71%
They
71%
Today
71%
try
71%
want
71%
always
57%
been
57%
better
57%
different
57%
every
57%
heart
57%
hesitation
57%
I'll
57%
last
57%
looks
57%
memories
57%
mind
57%
miss
57%
more
57%
never
57%
night
57%
painted
57%
picture
57%
spaces
57%
than
57%
up
57%
waking
57%
we
57%
were
57%
built
43%
enough
43%
I've
43%
mornings
43%
Now
43%
respect
29%
step
29%
take
29%
No matching quizzes found
Score Distribution
Percent of People with Each Score
Percentile by Number Answered
Your Score History
You have not taken this quiz